| 000 | 00637nam a2200169 4500 | ||
|---|---|---|---|
| 999 |
_c3812 _d3812 |
||
| 008 | 160811b xxu||||| |||| 00| 0 eng d | ||
| 022 | _a01153153 | ||
| 082 | _aDPer 150.5 P53 June-Dec 2014 v. 47, No. 1 & 2 | ||
| 100 |
_912688 _aOchoa, Danielle P. |
||
| 243 | _aPhilippine journal of psychology | ||
| 245 |
_aParental socialization of moral behaviors in the context of poverty/ _cDanielle P. Ochoa. |
||
| 260 |
_aQuezon City: _bPsychological Association of the Philippines, _c©2014. |
||
| 300 |
_apages 41-72; _c24 cm. |
||
| 500 | _aPhilippine Journal of Psychology | ||
| 650 | 0 |
_912689 _aHuman behavior |
|
| 942 |
_2ddc _cPER |
||